| Tag |
First Indicator |
Second Indicator |
Subfields |
| LEADER |
00000cam a2200000 4500 |
| 001 |
in00000069030 |
| 005 |
20151008051353.0 |
| 008 |
800506s1964 wiu b 00010 eng d |
| 035 |
|
|
|a (OCoLC)06287305
|
| 035 |
|
|
|9 AAG7457AM
|
| 040 |
|
|
|a TXA
|c TXA
|d UtOrBLW
|
| 049 |
|
|
|a TXAM
|c [471466]
|
| 090 |
|
|
|a HD2952
|b .W54 1964
|
| 092 |
|
|
|a 334
|b A1W619b
|
| 100 |
1 |
|
|a Whitney, Howard S.
|
| 245 |
1 |
0 |
|a Bibliography on cooperatives and social and economic development /
|c prepared by Howard S. Whitney and Hassan A. Ronaghy, with the assistance of Adlowe L. Larson, Wayne H. Weidemann [and] Mary Jean McGrath, in cooperation with the International Cooperative Development Service of the Agency for International Development.
|
| 264 |
|
1 |
|a Madison :
|b International Cooperative Training Center, University Extension Division, University of Wisconsin,
|c [1964]
|
| 300 |
|
|
|a 91 pages
|
| 336 |
|
|
|a text
|b txt
|2 rdacontent
|
| 337 |
|
|
|a unmediated
|b n
|2 rdamedia
|
| 338 |
|
|
|a volume
|b nc
|2 rdacarrier
|
| 650 |
|
0 |
|a Cooperative societies
|x Bibliography.
|
| 650 |
|
0 |
|a Cooperation
|v Bibliography.
|
| 700 |
1 |
|
|a Ronaghy, Hassan A.
|
| 999 |
|
|
|a MARS
|
| 999 |
f |
f |
|s c1a982ba-e612-34f9-b0e4-e73305216e99
|i 4b59287a-30b5-34e4-bc47-cd173722ec41
|t 0
|
| 952 |
f |
f |
|p ric
|a Texas A&M University
|b Rellis Campus
|c Joint Library Facility
|d Remote Storage
|t 0
|e HD2952 .W54 1964
|h Library of Congress classification
|i unmediated -- volume
|m A14800741920
|
| 998 |
f |
f |
|a HD2952 .W54 1964
|t 0
|l Remote Storage
|